[Event "37th Belgrade Trophy 2024"]
[Site "Belgrade"]
[Date "2024.11.27"]
[Round "5.6"]
[White "Ughuzov, Ravan"]
[Black "Triantafilidis, Mihail"]
[Result "1/2-1/2"]
[WhiteElo "2047"]
[BlackElo "2200"]
[Annotator "RC"]
[PlyCount "99"]
[EventDate "2024.11.23"]
[EventCountry "SRB"]
[SourceTitle "playchess.com"]
[Source "ChessBase"]
[SourceQuality "1"]
[TimeControl "40/5400+30:900+30"]

1. e4 {[%emt 0:00:06]} c5 {[%emt 0:00:47]} 2. c3 {[%emt 0:00:20]} d5 {[%emt 0:00:14]} 3. exd5 {[%emt 0:00:07]} Qxd5 {[%emt 0:00:06]} 4. d4 {[%emt 0:00:09]} g6 {[%emt 0:00:10]} 5. Nf3 {[%emt 0:00:11]} Bg7 {[%emt 0:00:07]} 6. Nbd2 {[%emt 0:00:25]} cxd4 {[%emt 0:00:35]} 7. Bc4 {[%emt 0:00:10]} Qd8 {[%emt 0:03:07]} 8. Nxd4 {[%emt 0:00:16]} Nf6 {[%emt 0:00:35]} 9. N2f3 {[%emt 0:01:09]} O-O {[%emt 0:00:44]} 10. O-O {[%emt 0:00:21]} Bd7 {[%emt 0:09:08]} 11. Ne5 {[%emt 0:02:59]} Be8 {[%emt 0:07:05]} 12. Nf5 {[%emt 0:10:32]} Nbd7 {[%emt 0:00:38]} 13. Nxd7 {[%emt 0:01:01]} Bxd7 {[%emt 0:01:09]} 14. Nxg7 {[%emt 0:00:44]} Kxg7 {[%emt 0:00:02]} 15. Bf4 {[%emt 0:00:51]} Bc6 {[%emt 0:00:53]} 16. Qc1 {[%emt 0:02:05]} Kg8 {[%emt 0:11:07]} 17. Re1 {[%emt 0:05:23]} Re8 {[%emt 0:00:27]} 18. Be5 {[%emt 0:03:40]} Nd7 {[%emt 0:01:48]} 19. Bg3 {[%emt 0:03:33]} Kg7 {[%emt 0:06:40]} 20. Qf4 {[%emt 0:02:04]} f6 {[%emt 0:00:10]} 21. Rad1 {[%emt 0:02:02]} e5 {[%emt 0:00:21]} 22. Qe3 {[%emt 0:03:45]} Qb6 {[%emt 0:01:25]} 23. Qe2 {[%emt 0:00:13]} Nc5 {[%emt 0:03:32]} 24. Rd6 {[%emt 0:08:06]} Qc7 {[%emt 0:01:41]} 25. Red1 {[%emt 0:03:52]} Ne4 {[%emt 0:14:44]} 26. Rxc6 {[%emt 0:00:21]} Qxc6 {[%emt 0:00:02]} 27. Bb5 {[%emt 0:00:01]} Nxg3 {[%emt 0:00:02]} 28. hxg3 {[%emt 0:00:20]} Qe6 {[%emt 0:05:12]} 29. Bxe8 {[%emt 0:01:48]} Rxe8 {[%emt 0:00:08]} 30. Qb5 {[%emt 0:00:43]} Re7 {[%emt 0:00:18]} 31. c4 {[%emt 0:04:35]} a6 {[%emt 0:00:26]} 32. Qc5 {[%emt 0:01:34]} Rd7 {[%emt 0:03:45]} 33. Rd5 {[%emt 0:02:02]} Qf5 {[%emt 0:02:57]} 34. g4 {[%emt 0:04:39]} Qb1+ {[%emt 0:04:06]} 35. Kh2 {[%emt 0:00:05]} Rf7 {[%emt 0:00:08]} 36. Rd2 {[%emt 0:13:41]} Qe4 {[%emt 0:03:07]} 37. Qd5 {[%emt 0:03:59]} Qxg4 {[%emt 0:00:11]} 38. Kg1 {[%emt 0:00:01]} Rc7 {[%emt 0:07:07]} 39. b3 {[%emt 0:00:22]} Rf7 {[%emt 0:00:41]} 40. Kf1 {[%emt 0:01:14]} Qf5 {[%emt 0:00:09]} 41. Kg1 {[%emt 0:15:20]} Qb1+ {[%emt 0:15:22]} 42. Kh2 {[%emt 0:00:02]} Qe1 {[%emt 0:01:35]} 43. Qd8 {[%emt 0:02:18]} e4 {[%emt 0:07:36]} 44. Rd7 {[%emt 0:01:27]} Qxf2 {[%emt 0:00:24]} 45. Rxf7+ {[%emt 0:00:04]} Kxf7 {[%emt 0:00:07]} 46. Qd7+ {[%emt 0:00:01]} Kf8 {[%emt 0:00:45]} 47. Qc8+ {[%emt 0:00:17]} Kg7 {[%emt 0:01:27]} 48. Qxb7+ {[%emt 0:00:04]} Kh6 {[%emt 0:03:26]} 49. Qxe4 {[%emt 0:00:04]} f5 {[%emt 0:00:06]} 50. Qf3 {[%emt 0:01:58]} 1/2-1/2

[Event "37th Belgrade Trophy 2024"]
[Site "Belgrade"]
[Date "2024.11.27"]
[Round "5.7"]
[White "Shchekachev, Andrei"]
[Black "Dorokhina, Elizaveta"]
[Result "1-0"]
[WhiteElo "2448"]
[BlackElo "2064"]
[Annotator "TA"]
[PlyCount "73"]
[EventDate "2024.11.23"]
[EventCountry "SRB"]
[SourceTitle "playchess.com"]
[Source "ChessBase"]
[SourceQuality "1"]
[TimeControl "40/5400+30:900+30"]

{[%evp 11,73,0,11,0,33,-1,74,67,75,78,81,75,95,95,94,100,98,62,71,72,103,60,102,46,72,44,62,54,88,89,85,75,128,120,116,116,121,125,125,104,110,114,103,77,76,67,75,73,60,64,2129,2073,2141,2228,1883,2071,1936,1776,1647,1672,1403,1403,1246,1236]} 1. Nf3 {[%emt 0:09:43]} d5 {[%emt 0:03:17]} 2. g3 {[%emt 0:00:57]} Nf6 {[%emt 0:00:16]} 3. Bg2 {[%emt 0:00:19]} Bf5 {[%emt 0:00:30]} 4. c4 {[%emt 0:03:14]} c6 {[%emt 0:04:28]} 5. Qb3 {[%emt 0:02:46]} Qb6 {[%emt 0:02:19]} 6. cxd5 {[%emt 0:02:11]} cxd5 {[%emt 0:07:23]} 7. Nc3 {[%emt 0:02:28]} e6 {[%emt 0:01:07]} 8. O-O {[%emt 0:04:22]} Nbd7 {[%emt 0:07:02]} (8... Qxb3 $11 9. axb3 Nc6) 9. Qxb6 $16 {[%emt 0:15:45] White is better.} axb6 {[%emt 0:01:08]} 10. Nd4 {[%emt 0:00:06][%cal Bf3d4,Bd4b5,Bb5d6][%mdl 32]} Bg6 {[%emt 0:00:35]} 11. Ndb5 {[%emt 0:00:13] aiming for Nc7+.} Ra5 {[%emt 0:02:32]} 12. d4 {[%emt 0:08:40]} Bb4 {[%emt 0:04:56]} 13. Bf4 {[%emt 0:02:45] Repels Nb8} O-O {[%emt 0:00:30][%cal Be8g8,Bg8f8,Bf8e7][%mdl 32]} 14. Bd6 {[%emt 0:06:51]} Bxd6 {[%emt 0:07:44]} 15. Nxd6 {[%emt 0:00:21]} Rb8 {[%emt 0:01:01]} 16. Rfc1 {[%emt 0:04:33]} Kf8 {[%emt 0:01:26]} 17. a4 {[%emt 0:09:24]} (17. b4 $16 Ra6 18. Ncb5) 17... Ne8 $14 {[%emt 0:02:27]} 18. Ndb5 {[%emt 0:00:59]} Ke7 {[%emt 0:01:02]} 19. f3 {[%emt 0:05:11]} Raa8 {[%emt 0:07:36]} 20. e4 {[%emt 0:01:56]} Ndf6 {[%emt 0:00:13]} 21. exd5 {[%emt 0:08:11]} Nxd5 {[%emt 0:02:48]} ({Better is} 21... exd5 22. g4 Rd8) 22. Nxd5+ $16 {[%emt 0:00:30]} exd5 {[%emt 0:00:08]} 23. Bh3 {[%emt 0:03:12] Repels Rc8} Bd3 {[%emt 0:01:12]} 24. Nc7 {[%emt 0:00:41]} Nxc7 {[%emt 0:00:29]} 25. Rxc7+ {[%emt 0:00:04]} Kf6 {[%emt 0:00:21]} 26. b3 {[%emt 0:01:32] Dodges Bc4} b5 {[%emt 0:07:29]} 27. Rd1 {[%emt 0:00:05]} Bg6 {[%emt 0:01:16]} ({Don't blunder} 27... Be2 $2 28. Rd2 $18) 28. axb5 {[%emt 0:00:17] White is much more active.} Ra3 {[%emt 0:00:09]} 29. Re1 {[%emt 0:03:38] Re5 is the strong threat.} Rxb3 {[%emt 0:00:31]} 30. Rd7 {[%emt 0:00:06] Re5 would now be deadly.} Bd3 $2 {[%emt 0:11:01][%mdl 8192] This costs Black the game.} (30... Kg5 $14) 31. Rd6+ $18 {[%emt 0:00:46] White is clearly winning.} (31. Rxd5 g6 $14) 31... Kg5 {[%emt 0:00:11] [#]} 32. Re5+ $1 {[%emt 0:02:35]} f5 {[%emt 0:00:10] [#]} 33. Bxf5 $1 {[%emt 0:01:02][%cal Rf5d3][%mdl 512]} Rb1+ {[%emt 0:01:14]} 34. Kf2 {[%emt 0:00:09][%cal Rf5d3]} Rb2+ {[%emt 0:00:24]} 35. Ke3 {[%emt 0:01:03][%cal Rf5d3]} Re2+ {[%emt 0:00:31]} 36. Kxd3 {[%emt 0:00:05][%csl Gd3,Ge5,Gf3][%cal Rf5e4]} Rxe5 {[%emt 0:00:07]} 37. Bg4 {[%emt 0:00:59] Weighted Error Value: White=0.12 (very precise) /Black=0.19 (very precise) .  Loses game:     	---       	Black=1      Mistake:       	White=1     	Black=2      Inaccurate:     	White=4     	Black=4      OK:         	White=7     	Black=6      Best:        	White=2     	Black=2} 1-0

[Event "37th Belgrade Trophy 2024"]
[Site "Belgrade"]
[Date "2024.11.27"]
[Round "5.8"]
[White "Bjelanovic, Mile"]
[Black "Ivanovic, Marko"]
[Result "1-0"]
[WhiteElo "2041"]
[BlackElo "2297"]
[Annotator "RC"]
[PlyCount "99"]
[EventDate "2024.11.23"]
[EventCountry "SRB"]
[SourceTitle "playchess.com"]
[Source "ChessBase"]
[SourceQuality "1"]
[TimeControl "40/5400+30:900+30"]

1. e4 {[%emt 0:00:04]} e5 {[%emt 0:11:14]} 2. Nf3 {[%emt 0:00:33]} Nc6 {[%emt 0:00:09]} 3. Bb5 {[%emt 0:00:38]} g6 {[%emt 0:00:59]} 4. O-O {[%emt 0:00:57]} Bg7 {[%emt 0:00:04]} 5. c3 {[%emt 0:01:05]} a6 {[%emt 0:00:08]} 6. Ba4 {[%emt 0:00:17]} d6 {[%emt 0:00:07]} 7. h3 {[%emt 0:00:59]} Nf6 {[%emt 0:00:07]} 8. Re1 {[%emt 0:00:39]} O-O {[%emt 0:00:09]} 9. d3 {[%emt 0:13:22]} Bd7 {[%emt 0:02:41]} 10. Nbd2 {[%emt 0:03:38]} h6 {[%emt 0:01:18]} 11. Nf1 {[%emt 0:00:49]} Re8 {[%emt 0:03:49]} 12. Ng3 {[%emt 0:01:06]} Qe7 {[%emt 0:00:10]} 13. Be3 {[%emt 0:05:21]} b5 {[%emt 0:02:02]} 14. Bc2 {[%emt 0:01:03]} Na5 {[%emt 0:00:22]} 15. b4 {[%emt 0:03:15]} Nb7 {[%emt 0:00:56]} 16. a4 {[%emt 0:00:53]} c5 {[%emt 0:00:28]} 17. axb5 {[%emt 0:02:15]} axb5 {[%emt 0:00:11]} 18. Qd2 {[%emt 0:00:54]} Kh7 {[%emt 0:00:05]} 19. Bb3 {[%emt 0:03:47]} Bc6 {[%emt 0:01:03]} 20. Qb2 {[%emt 0:08:56]} cxb4 {[%emt 0:06:38]} 21. cxb4 {[%emt 0:00:12]} d5 {[%emt 0:00:02]} 22. Bc2 {[%emt 0:05:49]} Rxa1 {[%emt 0:08:09]} 23. Rxa1 {[%emt 0:00:23]} dxe4 {[%emt 0:00:06]} 24. dxe4 {[%emt 0:00:28]} Bf8 {[%emt 0:00:40]} 25. Ra6 {[%emt 0:02:01]} Bd7 {[%emt 0:16:17]} 26. Bd3 {[%emt 0:05:26]} Bg7 {[%emt 0:18:08]} 27. Rb6 {[%emt 0:04:13]} Bc8 {[%emt 0:00:54]} 28. Bxb5 {[%emt 0:02:06]} Nd7 {[%emt 0:00:29]} 29. Rc6 {[%emt 0:07:35]} Nd6 {[%emt 0:07:10]} 30. Ba4 {[%emt 0:05:37]} Rd8 {[%emt 0:01:05]} 31. Rc7 {[%emt 0:02:41]} Qe6 {[%emt 0:03:45]} 32. Bb3 {[%emt 0:01:04]} Qf6 {[%emt 0:00:11]} 33. Bd5 {[%emt 0:00:35]} Nb8 {[%emt 0:05:58]} 34. Bc5 {[%emt 0:03:48]} Bd7 {[%emt 0:01:31]} 35. Ra7 {[%emt 0:10:04]} Be8 {[%emt 0:02:26]} 36. h4 {[%emt 0:01:31]} Nc8 {[%emt 0:04:31]} 37. Rb7 {[%emt 0:01:07]} Nd7 {[%emt 0:00:05]} 38. h5 {[%emt 0:01:12]} Ncb6 {[%emt 0:01:01]} 39. hxg6+ {[%emt 0:00:46]} fxg6 {[%emt 0:00:08]} 40. Ba2 {[%emt 0:01:53]} Na4 {[%emt 0:03:28]} 41. Qb3 {[%emt 0:15:26]} h5 {[%emt 0:15:40]} 42. Be3 {[%emt 0:00:52]} Qf8 {[%emt 0:01:34]} 43. Ng5+ {[%emt 0:00:58]} Kh8 {[%emt 0:00:01]} 44. Qxa4 {[%emt 0:00:00]} Nc5 {[%emt 0:00:00]} 45. Bxc5 {[%emt 0:00:00]} Qf6 {[%emt 0:00:00]} 46. Qa7 {[%emt 0:00:00]} Rd1+ {[%emt 0:00:00]} 47. Nf1 {[%emt 0:00:00]} Qxg5 {[%emt 0:00:00]} 48. Be3 {[%emt 0:00:00]} Qd8 {[%emt 0:00:00]} 49. Bc4 {[%emt 0:00:00]} Qf6 {[%emt 0:00:00]} 50. Rb8 {[%emt 0:00:00]} 1-0

[Event "37th Belgrade Trophy 2024"]
[Site "Belgrade"]
[Date "2024.11.27"]
[Round "5.10"]
[White "Kostic, Milutin B"]
[Black "Petrovic, Aleksa"]
[Result "*"]
[WhiteElo "2029"]
[BlackElo "2262"]
[Annotator "RC"]
[PlyCount "46"]
[EventDate "2024.11.23"]
[EventCountry "SRB"]
[SourceTitle "playchess.com"]
[Source "ChessBase"]
[SourceQuality "1"]
[TimeControl "40/5400+30:900+30"]

1. c4 {[%emt 0:00:03]} e6 {[%emt 1:31:00]} 2. Nf3 {[%emt 0:00:27]} Nf6 {[%emt 1:18:09]} 3. g3 {[%emt 0:00:11]} a6 {[%emt 0:00:25]} 4. Bg2 {[%emt 0:01:36]} b5 {[%emt 0:00:06]} 5. b3 {[%emt 0:02:17]} Bb7 {[%emt 0:00:06]} 6. O-O {[%emt 0:00:24]} c5 {[%emt 0:00:40]} 7. Bb2 {[%emt 0:00:44]} Be7 {[%emt 0:01:20]} 8. Na3 {[%emt 0:02:04]} Qb6 {[%emt 0:01:42]} 9. d3 {[%emt 0:02:37]} d5 {[%emt 0:04:46]} 10. e3 {[%emt 0:04:39]} O-O {[%emt 1:12:01]} 11. Qe2 {[%emt 0:02:22]} Nc6 {[%emt 0:03:35]} 12. Ne5 {[%emt 0:04:20]} Rab8 {[%emt 0:04:41]} 13. f4 {[%emt 1:15:16]} Rfd8 {[%emt 0:05:48]} 14. Rfd1 {[%emt 0:10:38]} Ba8 {[%emt 0:58:06]} 15. Kh1 {[%emt 0:03:04]} bxc4 {[%emt 0:01:44]} 16. dxc4 {[%emt 0:03:32]} d4 {[%emt 0:49:40]} 17. Nxc6 {[%emt 0:02:13]} Bxc6 {[%emt 0:00:06]} 18. Nc2 {[%emt 0:54:03]} d3 {[%emt 0:07:37]} 19. Rxd3 {[%emt 0:00:44]} Rxd3 {[%emt 0:00:06]} 20. Qxd3 {[%emt 0:00:25]} Rd8 {[%emt 0:00:39]} 21. Qe2 {[%emt 0:01:48]} Ne4 {[%emt 0:00:06]} 22. Bxe4 {[%emt 0:02:39]} Bxe4+ {[%emt 0:00:04]} 23. Kg1 {[%emt 0:00:08]} Qa5 {[%emt 0:02:47]} *

[Event "37th Belgrade Trophy 2024"]
[Site "Belgrade"]
[Date "2024.11.27"]
[Round "5.10"]
[White "Kostic, Vladimir V"]
[Black "Petrovic, Aleksa"]
[Result "0-1"]
[WhiteElo "2006"]
[BlackElo "2262"]
[Annotator "RC"]
[PlyCount "62"]
[EventDate "2024.11.23"]
[EventCountry "SRB"]
[SourceTitle "playchess.com"]
[Source "ChessBase"]
[SourceQuality "1"]
[TimeControl "40/5400+30:900+30"]

1. c4 {[%emt 0:00:03]} e6 {[%emt 0:13:21]} 2. Nf3 {[%emt 0:00:27]} Nf6 {[%emt 0:01:03]} 3. g3 {[%emt 0:00:11]} a6 {[%emt 0:00:25]} 4. Bg2 {[%emt 0:01:36]} b5 {[%emt 0:00:06]} 5. b3 {[%emt 0:02:17]} Bb7 {[%emt 0:00:06]} 6. O-O {[%emt 0:00:24]} c5 {[%emt 0:00:40]} 7. Bb2 {[%emt 0:00:44]} Be7 {[%emt 0:01:20]} 8. Na3 {[%emt 0:02:04]} Qb6 {[%emt 0:01:42]} 9. d3 {[%emt 0:02:37]} d5 {[%emt 0:04:46]} 10. e3 {[%emt 0:04:39]} O-O {[%emt 0:01:51]} 11. Qe2 {[%emt 0:02:22]} Nc6 {[%emt 0:03:35]} 12. Ne5 {[%emt 0:04:20]} Rab8 {[%emt 0:04:41]} 13. f4 {[%emt 0:04:16]} Rfd8 {[%emt 0:05:48]} 14. Rfd1 {[%emt 0:10:38]} Ba8 {[%emt 0:07:42]} 15. Kh1 {[%emt 0:03:04]} bxc4 {[%emt 0:01:44]} 16. dxc4 {[%emt 0:03:32]} d4 {[%emt 0:02:12]} 17. Nxc6 {[%emt 0:02:13]} Bxc6 {[%emt 0:00:06]} 18. Nc2 {[%emt 0:01:01]} d3 {[%emt 0:07:37]} 19. Rxd3 {[%emt 0:00:44]} Rxd3 {[%emt 0:00:06]} 20. Qxd3 {[%emt 0:00:25]} Rd8 {[%emt 0:00:39]} 21. Qe2 {[%emt 0:01:48]} Ne4 {[%emt 0:00:06]} 22. Bxe4 {[%emt 0:02:39]} Bxe4+ {[%emt 0:00:04]} 23. Kg1 {[%emt 0:00:08]} Qa5 {[%emt 0:02:47]} 24. b4 {[%emt 0:11:08]} Qa4 {[%emt 0:01:37]} 25. Ne1 {[%emt 0:02:38]} Qxb4 {[%emt 0:00:13]} 26. a3 {[%emt 0:03:25]} Rd2 {[%emt 0:03:26]} 27. axb4 {[%emt 0:03:17]} Rxe2 {[%emt 0:00:04]} 28. Be5 {[%emt 0:00:54]} f6 {[%emt 0:00:48]} 29. Kf1 {[%emt 0:01:31]} Rxh2 {[%emt 0:00:15]} 30. Bc7 {[%emt 0:00:18]} cxb4 {[%emt 0:00:22]} 31. Rxa6 {[%emt 0:00:11]} b3 {[%emt 0:00:12]} 0-1